[Event "Turniej Przyjazni Polsko-Wegierskiej"]
[Site "Katowice"]
[Date "2018.05.05"]
[Round "3.17"]
[White "Krasenkova, Ilena"]
[Black "Jarmula, Lukasz"]
[Result "0-1"]
[BlackElo "2222"]
[WhiteElo "2015"]
[LiveChessVersion "1.4.8"]

1. d4 {[%clk 0:15:18]} Nf6 {[%clk 0:15:18]} 2. Nf3 {[%clk 0:15:26]} e6
{[%clk 0:15:24]} 3. c4 {[%clk 0:15:34]} c5 {[%clk 0:15:32]} 4. d5
{[%clk 0:15:43]} exd5 {[%clk 0:15:40]} 5. cxd5 {[%clk 0:15:52]} d6
{[%clk 0:15:49]} 6. Nc3 {[%clk 0:16:00]} g6 {[%clk 0:15:58]} 7. Nd2
{[%clk 0:15:34]} Nbd7 {[%clk 0:16:06]} 8. Nc4 {[%clk 0:15:41]} Nb6
{[%clk 0:16:13]} 9. Ne3 {[%clk 0:15:32]} Bg7 {[%clk 0:16:08]} 10. a4
{[%clk 0:15:40]} O-O {[%clk 0:15:56]} 11. a5 {[%clk 0:15:48]} Nbd7
{[%clk 0:16:04]} 12. Nc4 {[%clk 0:15:47]} Ne8 {[%clk 0:15:31]} 13. Bf4
{[%clk 0:15:12]} Qe7 {[%clk 0:14:25]} 14. e3 {[%clk 0:14:16]} f5 {[%clk 0:13:57]}
15. h4 {[%clk 0:13:50]} Ne5 {[%clk 0:13:46]} 16. Qd2 {[%clk 0:12:50]} Bd7
{[%clk 0:12:16]} 17. Be2 {[%clk 0:10:14]} Nc7 {[%clk 0:11:36]} 18. Bg5
{[%clk 0:09:54]} Bf6 {[%clk 0:11:36]} 19. Nxe5 {[%clk 0:09:29]} Qxe5
{[%clk 0:11:43]} 20. f4 {[%clk 0:08:39]} Qe7 {[%clk 0:11:42]} 21. Kf2
{[%clk 0:08:12]} b5 {[%clk 0:11:22]} 22. axb6 {[%clk 0:08:19]} axb6
{[%clk 0:11:31]} 23. Bxf6 {[%clk 0:07:40]} Qxf6 {[%clk 0:11:37]} 24. h5
{[%clk 0:07:49]} g5 {[%clk 0:09:25]} 25. Rxa8 {[%clk 0:07:22]} Rxa8
{[%clk 0:09:31]} 26. fxg5 {[%clk 0:07:30]} Qxg5 {[%clk 0:09:39]} 27. Rh3
{[%clk 0:07:36]} Kf7 {[%clk 0:09:11]} 28. h6 {[%clk 0:07:31]} Rg8
{[%clk 0:08:44]} 29. Bf3 {[%clk 0:07:33]} b5 {[%clk 0:08:40]} 30. Ne2
{[%clk 0:07:11]} b4 {[%clk 0:08:33]} 31. Nf4 {[%clk 0:07:20]} Qf6
{[%clk 0:08:10]} 32. Rh1 {[%clk 0:06:21]} Ra8 {[%clk 0:08:08]} 33. Nh5
{[%clk 0:06:05]} Qe5 {[%clk 0:08:03]} 34. Nf4 {[%clk 0:05:58]} Ra2
{[%clk 0:07:51]} 35. Rb1 {[%clk 0:06:08]} Nb5 {[%clk 0:07:13]} 36. Bh5+
{[%clk 0:05:50]} Ke7 {[%clk 0:07:06]} 37. Nd3 {[%clk 0:04:51]} Qf6
{[%clk 0:05:54]} 38. Qc2 {[%clk 0:03:01]} Qh4+ {[%clk 0:05:37]} 39. Kg1
{[%clk 0:03:07]} Qxh5 {[%clk 0:05:39]} 40. Nf4 {[%clk 0:03:16]} Qxh6
{[%clk 0:05:37]} 41. Qc4 {[%clk 0:03:16]} Ra8 {[%clk 0:05:33]} 42. Re1
{[%clk 0:03:23]} Nc7 {[%clk 0:05:18]} 43. Qc2 {[%clk 0:03:25]} Re8
{[%clk 0:05:15]} 44. b3 {[%clk 0:03:25]} Kf7 {[%clk 0:05:11]} 45. Qf2
{[%clk 0:03:22]} Qf6 {[%clk 0:04:58]} 46. Qf3 {[%clk 0:03:31]} Qh4
{[%clk 0:04:47]} 47. Ra1 {[%clk 0:03:30]} Ra8 {[%clk 0:04:47]} 48. Rf1
{[%clk 0:03:36]} Qf6 {[%clk 0:04:05]} 49. Qh5+ {[%clk 0:03:40]} Kg8
{[%clk 0:03:30]} 50. Rf3 {[%clk 0:03:43]} Be8 {[%clk 0:03:34]} 51. Rg3+
{[%clk 0:03:30]} Kh8 {[%clk 0:03:42]} 52. Qh3 {[%clk 0:03:27]} Bf7
{[%clk 0:03:40]} 53. Rf3 {[%clk 0:02:38]} Rg8 {[%clk 0:03:17]} 54. Nh5
{[%clk 0:02:08]} Bxh5 {[%clk 0:03:03]} 55. Qxh5 {[%clk 0:02:17]} Nxd5
{[%clk 0:02:34]} 56. Rxf5 {[%clk 0:01:08]} Qg7 {[%clk 0:02:41]} 57. Rf2
{[%clk 0:00:23]} Nxe3 {[%clk 0:02:48]} 58. Qf3 {[%clk 0:00:30]} Qa1+
{[%clk 0:02:42]} 59. Kh2 {[%clk 0:00:39]} Ng4+ {[%clk 0:02:49]} 60. Kg3
{[%clk 0:00:41]} Qe5+ {[%clk 0:02:54]} 61. Qf4 {[%clk 0:00:38]} Nxf2+
{[%clk 0:03:01]} 62. Kf3 {[%clk 0:00:48]} Qxf4+ {[%clk 0:02:56]} 0-1

[Event "Turniej Przyjazni Polsko-Wegierskiej"]
[Site "Katowice"]
[Date "2018.05.05"]
[Round "3.18"]
[White "Gumula, Daniel"]
[Black "Kies, Mariusz"]
[Result "1-0"]
[BlackElo "1981"]
[WhiteElo "2207"]
[LiveChessVersion "1.4.8"]

1. d4 {[%clk 0:15:17]} Nf6 {[%clk 0:15:20]} 2. c4 {[%clk 0:15:14]} c5
{[%clk 0:15:29]} 3. Nf3 {[%clk 0:14:45]} b6 {[%clk 0:15:26]} 4. d5
{[%clk 0:14:25]} d6 {[%clk 0:15:23]} 5. Nc3 {[%clk 0:14:23]} e5 {[%clk 0:15:26]}
6. dxe6 {[%clk 0:13:03]} fxe6 {[%clk 0:15:35]} 7. e4 {[%clk 0:05:16]} Nc6
{[%clk 0:14:20]} 8. e5 {[%clk 0:04:05]} Nxe5 {[%clk 0:09:52]} 9. Nxe5
{[%clk 0:04:12]} dxe5 {[%clk 0:10:01]} 10. Qf3 {[%clk 0:04:01]} Rb8
{[%clk 0:05:40]} 11. Qg3 {[%clk 0:04:10]} Kf7 {[%clk 0:03:51]} 12. Bg5
{[%clk 0:02:16]} Be7 {[%clk 0:01:47]} 13. Rd1 {[%clk 0:02:21]} Qe8
{[%clk 0:01:52]} 14. Be2 {[%clk 0:02:08]} Bb7 {[%clk 0:01:55]} 15. O-O
{[%clk 0:00:38]} e4 {[%clk 0:01:21]} 16. Bxf6 {[%clk 0:00:32]} Bxf6
{[%clk 0:01:18]} 17. Nb5 {[%clk 0:00:40]} Qc6 {[%clk 0:00:57]} 18. Rd6
{[%clk 0:00:33]} Qe8 {[%clk 0:00:52]} 19. Rfd1 {[%clk 0:00:31]} Bc6
{[%clk 0:00:40]} 20. Bg4 {[%clk 0:00:15]} Bxb5 {[%clk 0:00:39]} 21. Bxe6+
{[%clk 0:00:20]} Qxe6 {[%clk 0:00:41]} 22. Rxe6 {[%clk 0:00:28]} Kxe6
{[%clk 0:00:50]} 23. Qd6+ {[%clk 0:00:18]} Kf7 {[%clk 0:00:58]} 24. Qc7+
{[%clk 0:00:27]} Kg6 {[%clk 0:01:07]} 25. cxb5 {[%clk 0:00:35]} Bd4
{[%clk 0:01:11]} 26. Qc6+ {[%clk 0:00:19]} Kf7 27. Qd5+ {[%clk 0:00:25]} Kf6
{[%clk 0:01:22]} 28. Re1 {[%clk 0:00:25]} Rhe8 {[%clk 0:01:25]} 29. Rxe4
{[%clk 0:00:30]} Rxe4 {[%clk 0:01:33]} 30. Qxe4 {[%clk 0:00:39]} Rd8
{[%clk 0:01:11]} 31. g3 {[%clk 0:00:29]} Rd7 {[%clk 0:01:14]} 32. Qc6+
{[%clk 0:00:17]} Ke7 {[%clk 0:01:22]} 33. b3 {[%clk 0:00:24]} Kd8
{[%clk 0:01:03]} 34. Qa8+ {[%clk 0:00:29]} Ke7 {[%clk 0:01:12]} 35. Qe4+
{[%clk 0:00:37]} Kf8 {[%clk 0:01:11]} 36. Kg2 {[%clk 0:00:31]} h6
{[%clk 0:01:16]} 37. f4 {[%clk 0:00:30]} Re7 {[%clk 0:01:24]} 38. Qf5+
{[%clk 0:00:30]} Kg8 {[%clk 0:01:20]} 39. Qg4 {[%clk 0:00:21]} Kh8
{[%clk 0:01:24]} 40. Qf3 {[%clk 0:00:25]} Kh7 {[%clk 0:01:29]} 41. h4
{[%clk 0:00:17]} Re3 {[%clk 0:01:29]} 42. Qg4 {[%clk 0:00:22]} Re7
{[%clk 0:01:36]} 43. Qf5+ {[%clk 0:00:21]} Kg8 {[%clk 0:01:40]} 44. Qg4
{[%clk 0:00:17]} Kh8 {[%clk 0:01:43]} 45. Kh3 {[%clk 0:00:20]} Kg8
{[%clk 0:01:40]} 46. Qc8+ {[%clk 0:00:23]} Kh7 {[%clk 0:01:47]} 47. Kg4
{[%clk 0:00:27]} Re2 {[%clk 0:01:39]} 48. a4 {[%clk 0:00:21]} Re3
{[%clk 0:01:40]} 49. Qf5+ {[%clk 0:00:23]} Kh8 {[%clk 0:01:42]} 50. Qf7
{[%clk 0:00:26]} Rc3 {[%clk 0:01:10]} 51. Qxa7 {[%clk 0:00:18]} Rxb3
{[%clk 0:01:10]} 52. Qxb6 {[%clk 0:00:24]} Bf2 {[%clk 0:01:15]} 53. Qd8+
{[%clk 0:00:21]} Kh7 {[%clk 0:01:23]} 54. b6 {[%clk 0:00:15]} c4 {[%clk 0:00:42]}
55. a5 {[%clk 0:00:23]} Rxg3+ {[%clk 0:00:24]} 56. Kf5 {[%clk 0:00:31]} Ra3
{[%clk 0:00:30]} 57. b7 {[%clk 0:00:31]} Ba7 {[%clk 0:00:37]} 58. Ke4
{[%clk 0:00:14]} Re3+ {[%clk 0:00:30]} 59. Kf5 {[%clk 0:00:22]} Ra3
{[%clk 0:00:39]} 60. b8=Q {[%clk 0:00:23]} Bxb8 {[%clk 0:00:47]} 61. Qxb8
{[%clk 0:00:32]} Rxa5+ {[%clk 0:00:56]} 62. Ke4 {[%clk 0:00:39]} Rh5
{[%clk 0:01:02]} 63. Qd8 {[%clk 0:00:38]} Rc5 {[%clk 0:01:02]} 64. Kd4
{[%clk 0:00:36]} Rf5 {[%clk 0:00:55]} 65. Ke4 {[%clk 0:00:35]} Rc5
{[%clk 0:01:03]} 66. Qd6 {[%clk 0:00:36]} Rh5 {[%clk 0:01:10]} 67. Qe7
{[%clk 0:00:33]} c3 {[%clk 0:01:13]} 68. Kd3 {[%clk 0:00:30]} Rf5
{[%clk 0:00:33]} 69. Qe4 {[%clk 0:00:36]} g6 {[%clk 0:00:41]} 70. Qe7+
{[%clk 0:00:21]} Kg8 71. h5 Rxh5 72. Qf6 g5 73. Qg6+ 1-0

[Event "Turniej Przyjazni Polsko-Wegierskiej"]
[Site "Katowice"]
[Date "2018.05.05"]
[Round "3.19"]
[White "Acs, Gabor"]
[Black "Dors, Ryszard"]
[Result "1/2-1/2"]
[BlackElo "2188"]
[WhiteElo "2012"]
[LiveChessVersion "1.4.8"]

1. e4 {[%clk 0:15:18]} c6 {[%clk 0:15:19]} 2. d4 {[%clk 0:15:23]} d5
{[%clk 0:15:27]} 3. exd5 {[%clk 0:15:31]} cxd5 {[%clk 0:15:36]} 4. c4
{[%clk 0:15:38]} Nf6 {[%clk 0:15:44]} 5. Nc3 {[%clk 0:15:47]} g6 {[%clk 0:15:52]}
6. cxd5 {[%clk 0:15:52]} Bg7 {[%clk 0:15:57]} 7. Qb3 {[%clk 0:16:01]} O-O
{[%clk 0:16:02]} 8. Be2 {[%clk 0:16:09]} a5 {[%clk 0:16:07]} 9. a4
{[%clk 0:16:15]} Na6 {[%clk 0:16:08]} 10. Bf3 {[%clk 0:16:20]} Nb4
{[%clk 0:16:08]} 11. Be3 {[%clk 0:15:20]} Bf5 {[%clk 0:16:03]} 12. Kd2
{[%clk 0:13:40]} Bc2 {[%clk 0:14:56]} 13. Qa3 {[%clk 0:13:49]} Rc8
{[%clk 0:14:19]} 14. Rc1 {[%clk 0:13:57]} Bd3 {[%clk 0:14:07]} 15. Nge2
{[%clk 0:13:15]} Qb6 {[%clk 0:13:21]} 16. Nf4 {[%clk 0:12:13]} Bf5
{[%clk 0:12:27]} 17. h4 {[%clk 0:11:43]} h6 {[%clk 0:11:11]} 18. Qb3
{[%clk 0:11:34]} Rfd8 {[%clk 0:10:27]} 19. Rhg1 {[%clk 0:09:52]} g5
{[%clk 0:08:49]} 20. hxg5 {[%clk 0:09:51]} hxg5 {[%clk 0:08:58]} 21. Nfe2
{[%clk 0:09:21]} g4 {[%clk 0:07:09]} 22. Ng3 {[%clk 0:09:29]} Bg6
{[%clk 0:06:59]} 23. Be2 {[%clk 0:08:16]} Qd6 {[%clk 0:04:17]} 24. Bc4
{[%clk 0:06:49]} Qc7 {[%clk 0:01:24]} 25. Na2 {[%clk 0:03:38]} Nxa2
{[%clk 0:00:16]} 26. Qxa2 {[%clk 0:03:46]} Qd6 {[%clk 0:00:18]} 27. Qb3
{[%clk 0:03:03]} Nxd5 {[%clk 0:00:22]} 28. Bxd5 {[%clk 0:03:09]} Rxc1
{[%clk 0:00:30]} 29. Rxc1 {[%clk 0:03:16]} Qxd5 {[%clk 0:00:39]} 30. Qxd5
{[%clk 0:03:14]} Rxd5 {[%clk 0:00:48]} 31. Ne2 {[%clk 0:03:22]} e5
{[%clk 0:00:48]} 32. Rc8+ {[%clk 0:02:24]} Kh7 {[%clk 0:00:57]} 33. Kc3
{[%clk 0:01:05]} b5 {[%clk 0:00:49]} 34. axb5 {[%clk 0:00:56]} Rxb5
{[%clk 0:00:57]} 35. Rd8 {[%clk 0:00:24]} a4 {[%clk 0:01:05]} 36. Ra8
{[%clk 0:00:25]} Rb3+ {[%clk 0:01:13]} 37. Kc4 Rxb2 {[%clk 0:01:18]} 38. Nc3
{[%clk 0:00:36]} exd4 {[%clk 0:01:22]} 39. Bxd4 {[%clk 0:00:45]} Bxd4
{[%clk 0:01:26]} 40. Kxd4 {[%clk 0:00:54]} Rxf2 {[%clk 0:01:31]} 41. Rxa4
{[%clk 0:00:52]} Rxg2 {[%clk 0:01:32]} 42. Nd5 {[%clk 0:00:52]} Rd2+
{[%clk 0:01:27]} 43. Ke5 {[%clk 0:00:57]} g3 {[%clk 0:00:37]} 44. Rh4+
{[%clk 0:00:44]} Kg7 {[%clk 0:00:44]} 45. Rg4 {[%clk 0:00:52]} g2
{[%clk 0:00:44]} 46. Nf4 {[%clk 0:00:58]} Ra2 {[%clk 0:00:25]} 47. Rxg2
{[%clk 0:00:38]} f6+ {[%clk 0:00:23]} 48. Kd4 {[%clk 0:00:30]} Rxg2
{[%clk 0:00:28]} 49. Nxg2 {[%clk 0:00:39]} Kh6 {[%clk 0:00:35]} 50. Ke3
{[%clk 0:00:41]} Kg5 {[%clk 0:00:44]} 51. Kf2 {[%clk 0:00:50]} Kg4
{[%clk 0:00:50]} 52. Ne3+ {[%clk 0:00:58]} 1/2-1/2

[Event "Turniej Przyjazni Polsko-Wegierskiej"]
[Site "Katowice"]
[Date "2018.05.05"]
[Round "3.20"]
[White "Kokoszczynski, Jan"]
[Black "Gubay, Nikolay"]
[Result "1/2-1/2"]
[BlackElo "2175"]
[WhiteElo "2004"]
[LiveChessVersion "1.4.8"]

1. c4 {[%clk 0:15:19]} Nf6 {[%clk 0:15:09]} 2. Nc3 {[%clk 0:15:27]} c5
{[%clk 0:15:11]} 3. g3 {[%clk 0:15:35]} e6 {[%clk 0:15:08]} 4. Bg2
{[%clk 0:15:43]} a6 {[%clk 0:15:12]} 5. Nf3 {[%clk 0:15:48]} Qc7 {[%clk 0:15:09]}
6. O-O {[%clk 0:15:54]} b6 {[%clk 0:15:05]} 7. b3 {[%clk 0:15:51]} Bb7
{[%clk 0:15:13]} 8. d4 {[%clk 0:15:52]} cxd4 {[%clk 0:15:21]} 9. Qxd4
{[%clk 0:16:00]} d6 {[%clk 0:14:55]} 10. Bb2 {[%clk 0:16:01]} Be7
{[%clk 0:14:53]} 11. Rac1 {[%clk 0:16:09]} Nbd7 {[%clk 0:14:55]} 12. Rfd1
{[%clk 0:16:16]} O-O {[%clk 0:14:17]} 13. Ne1 {[%clk 0:15:35]} Rfd8
{[%clk 0:13:53]} 14. Bxb7 {[%clk 0:15:06]} Qxb7 {[%clk 0:14:02]} 15. Ng2
{[%clk 0:15:15]} b5 {[%clk 0:13:35]} 16. cxb5 {[%clk 0:13:10]} axb5
{[%clk 0:13:43]} 17. Qd3 {[%clk 0:12:21]} b4 {[%clk 0:11:22]} 18. Na4
{[%clk 0:12:30]} Nc5 {[%clk 0:11:27]} 19. Nxc5 {[%clk 0:12:05]} dxc5
{[%clk 0:11:35]} 20. Qb1 {[%clk 0:09:51]} Rxd1+ {[%clk 0:11:38]} 21. Rxd1
{[%clk 0:10:00]} Qa6 {[%clk 0:11:46]} 22. Bxf6 {[%clk 0:08:30]} Bxf6
{[%clk 0:11:47]} 23. Rd2 {[%clk 0:08:31]} Bc3 {[%clk 0:11:21]} 24. Rc2
{[%clk 0:07:01]} c4 {[%clk 0:08:52]} 25. bxc4 {[%clk 0:06:11]} Qxc4
{[%clk 0:08:59]} 26. Ne3 {[%clk 0:06:18]} Qd4 {[%clk 0:05:43]} 27. Nd1
{[%clk 0:03:35]} g6 {[%clk 0:05:42]} 28. Nxc3 {[%clk 0:02:54]} bxc3
{[%clk 0:05:45]} 29. Qb3 {[%clk 0:02:35]} Rc8 {[%clk 0:05:27]} 30. a4
{[%clk 0:01:47]} Qc5 {[%clk 0:05:13]} 31. Qb5 {[%clk 0:01:14]} Qd4
{[%clk 0:05:13]} 32. Qb3 {[%clk 0:01:02]} h5 {[%clk 0:03:36]} 33. h4
{[%clk 0:01:02]} Rc5 {[%clk 0:03:05]} 34. e3 {[%clk 0:00:27]} Qd3
{[%clk 0:02:29]} 35. Kg2 {[%clk 0:00:13]} Kh7 {[%clk 0:01:54]} 36. a5
{[%clk 0:00:16]} Qe4+ {[%clk 0:01:17]} 37. Kh2 {[%clk 0:00:25]} Rxa5
{[%clk 0:00:34]} 38. Qxc3 {[%clk 0:00:30]} Rf5 {[%clk 0:00:38]} 39. Rd2
{[%clk 0:00:19]} g5 {[%clk 0:00:38]} 40. hxg5 {[%clk 0:00:18]} h4
{[%clk 0:00:36]} 41. Qd4 {[%clk 0:00:18]} hxg3+ {[%clk 0:00:24]} 42. fxg3
{[%clk 0:00:26]} Qxd4 {[%clk 0:00:14]} 43. Rxd4 {[%clk 0:00:36]} Rxg5
{[%clk 0:00:22]} 44. Kg2 {[%clk 0:00:45]} Kg7 {[%clk 0:00:30]} 45. Kf3
{[%clk 0:00:52]} f6 {[%clk 0:00:36]} 46. Ra4 {[%clk 0:00:58]} Rb5
{[%clk 0:00:35]} 47. Rg4+ {[%clk 0:01:01]} Kf7 {[%clk 0:00:43]} 48. Ra4
{[%clk 0:01:03]} Rb3 {[%clk 0:00:38]} 49. Rc4 {[%clk 0:01:00]} f5
{[%clk 0:00:44]} 50. g4 {[%clk 0:01:05]} 1/2-1/2

[Event "Turniej Przyjazni Polsko-Wegierskiej"]
[Site "Katowice"]
[Date "2018.05.05"]
[Round "4.1"]
[White "Piorun, Kacper"]
[Black "Lewicki, Miroslaw"]
[Result "0-1"]
[BlackElo "2294"]
[WhiteElo "2639"]
[LiveChessVersion "1.4.8"]

1. d4 {[%clk 0:15:17]} Nf6 {[%clk 0:15:19]} 2. Bf4 {[%clk 0:15:25]} e6
{[%clk 0:15:25]} 3. e3 {[%clk 0:15:31]} b6 {[%clk 0:15:20]} 4. Nd2
{[%clk 0:15:28]} Bb7 {[%clk 0:15:28]} 5. Ngf3 {[%clk 0:15:36]} Be7
{[%clk 0:15:12]} 6. h3 {[%clk 0:15:39]} c5 {[%clk 0:15:00]} 7. Bd3
{[%clk 0:15:45]} d5 {[%clk 0:15:02]} 8. c3 {[%clk 0:15:37]} O-O {[%clk 0:15:10]}
9. Qe2 {[%clk 0:15:19]} Nbd7 {[%clk 0:14:26]} 10. Rd1 {[%clk 0:13:21]} Ne4
{[%clk 0:14:04]} 11. O-O {[%clk 0:13:08]} a5 {[%clk 0:13:11]} 12. a4
{[%clk 0:13:04]} Bc6 {[%clk 0:12:45]} 13. Bc2 {[%clk 0:13:11]} Nxd2
{[%clk 0:11:35]} 14. Qxd2 {[%clk 0:12:48]} c4 {[%clk 0:11:15]} 15. Bh2
{[%clk 0:12:29]} f5 {[%clk 0:11:03]} 16. Qe2 {[%clk 0:11:37]} b5 {[%clk 0:11:00]}
17. axb5 {[%clk 0:11:31]} Bxb5 {[%clk 0:11:09]} 18. Nd2 {[%clk 0:10:24]} a4
{[%clk 0:10:55]} 19. Nb1 {[%clk 0:09:20]} Nf6 {[%clk 0:10:46]} 20. Na3
{[%clk 0:09:23]} Bc6 {[%clk 0:10:50]} 21. Ra1 {[%clk 0:09:02]} Bd6
{[%clk 0:10:55]} 22. Bxd6 {[%clk 0:08:56]} Qxd6 {[%clk 0:11:04]} 23. f4
{[%clk 0:08:40]} Rfb8 {[%clk 0:11:02]} 24. Rfb1 {[%clk 0:08:40]} Rb6
{[%clk 0:10:49]} 25. Bd1 {[%clk 0:08:31]} Rab8 {[%clk 0:10:48]} 26. Qc2
{[%clk 0:08:35]} Ne4 {[%clk 0:09:52]} 27. Qc1 {[%clk 0:08:27]} Qd7
{[%clk 0:09:09]} 28. Nc2 {[%clk 0:08:18]} Qb7 {[%clk 0:09:15]} 29. Nb4
{[%clk 0:08:24]} Rxb4 {[%clk 0:09:23]} 30. cxb4 {[%clk 0:08:33]} Qxb4
{[%clk 0:09:32]} 31. Ra3 {[%clk 0:06:31]} Qe1+ {[%clk 0:09:32]} 32. Kh2
{[%clk 0:06:40]} Qg3+ {[%clk 0:08:54]} 33. Kg1 {[%clk 0:06:48]} Qf2+
{[%clk 0:08:07]} 34. Kh2 {[%clk 0:06:57]} Nd2 {[%clk 0:05:46]} 35. Bc2
{[%clk 0:06:40]} Nf3+ {[%clk 0:05:31]} 36. Kh1 {[%clk 0:06:45]} Nh4
{[%clk 0:05:40]} 37. Qf1 {[%clk 0:04:56]} Qxc2 {[%clk 0:05:46]} 38. Ra2
{[%clk 0:05:05]} Nxg2 {[%clk 0:04:33]} 39. Rc1 {[%clk 0:05:15]} Qd2
{[%clk 0:04:03]} 40. Qd1 {[%clk 0:04:53]} Qxd1+ {[%clk 0:03:45]} 41. Rxd1
{[%clk 0:05:03]} Nxe3 {[%clk 0:03:53]} 42. Re1 {[%clk 0:05:12]} Rb3
{[%clk 0:04:02]} 43. Re2 {[%clk 0:05:03]} Kf7 {[%clk 0:03:37]} 44. Kg1
{[%clk 0:05:10]} Bb5 {[%clk 0:03:21]} 45. Rd2 {[%clk 0:04:38]} Rd3
{[%clk 0:03:18]} 46. Re2 {[%clk 0:03:58]} c3 {[%clk 0:03:19]} 47. bxc3
{[%clk 0:04:07]} Rd1+ {[%clk 0:03:22]} 48. Kf2 {[%clk 0:04:16]} Bxe2
{[%clk 0:03:26]} 49. Kxe2 {[%clk 0:04:25]} Rh1 {[%clk 0:03:35]} 0-1

[Event "Turniej Przyjazni Polsko-Wegierskiej"]
[Site "Katowice"]
[Date "2018.05.05"]
[Round "4.2"]
[White "Kyc, Jerzy"]
[Black "Socko, Bartosz"]
[Result "0-1"]
[BlackElo "2630"]
[WhiteElo "2267"]
[LiveChessVersion "1.4.8"]

1. e4 {[%clk 0:15:19]} c6 {[%clk 0:13:34]} 2. d4 {[%clk 0:15:28]} d5
{[%clk 0:13:43]} 3. Nd2 {[%clk 0:15:33]} dxe4 {[%clk 0:13:51]} 4. Nxe4
{[%clk 0:15:42]} Bf5 {[%clk 0:14:00]} 5. Ng3 {[%clk 0:15:50]} Bg6
{[%clk 0:14:09]} 6. Nf3 {[%clk 0:15:57]} e6 {[%clk 0:14:15]} 7. h4
{[%clk 0:15:51]} h6 {[%clk 0:14:23]} 8. h5 {[%clk 0:14:54]} Bh7 {[%clk 0:14:31]}
9. Bd3 {[%clk 0:15:02]} Bxd3 {[%clk 0:14:39]} 10. Qxd3 {[%clk 0:15:10]} Nf6
{[%clk 0:14:47]} 11. Bd2 {[%clk 0:14:57]} c5 {[%clk 0:14:55]} 12. O-O-O
{[%clk 0:13:33]} Nc6 {[%clk 0:15:04]} 13. Be3 {[%clk 0:13:21]} Qa5
{[%clk 0:13:49]} 14. Qb3 {[%clk 0:13:00]} O-O-O {[%clk 0:13:43]} 15. Kb1
{[%clk 0:11:50]} Bd6 {[%clk 0:13:33]} 16. Ne2 {[%clk 0:09:49]} Ng4
{[%clk 0:13:32]} 17. Nc3 {[%clk 0:08:24]} cxd4 {[%clk 0:12:01]} 18. Nxd4
{[%clk 0:08:32]} Nxe3 {[%clk 0:12:07]} 19. fxe3 {[%clk 0:06:16]} Be5
{[%clk 0:11:17]} 20. Nxc6 {[%clk 0:04:56]} bxc6 {[%clk 0:11:24]} 21. Qc4
{[%clk 0:04:52]} Kc7 {[%clk 0:11:09]} 22. Rdf1 {[%clk 0:04:06]} Rd7
{[%clk 0:10:37]} 23. Ne4 {[%clk 0:04:01]} Rb8 {[%clk 0:09:05]} 24. c3
{[%clk 0:04:04]} Rb5 {[%clk 0:07:10]} 25. g4 {[%clk 0:02:56]} Qb6
{[%clk 0:06:59]} 26. Qe2 {[%clk 0:02:04]} Rbd5 {[%clk 0:07:06]} 27. Kc2
{[%clk 0:01:15]} Qa5 {[%clk 0:05:55]} 28. Qc4 {[%clk 0:01:06]} Qb6
{[%clk 0:06:03]} 29. Rf3 {[%clk 0:00:39]} f5 {[%clk 0:05:36]} 30. gxf5
{[%clk 0:00:39]} exf5 {[%clk 0:05:45]} 31. Rxf5 {[%clk 0:00:31]} Qxe3
{[%clk 0:05:53]} 32. Rhf1 {[%clk 0:00:20]} Kb6 {[%clk 0:04:57]} 33. b4
{[%clk 0:00:15]} Bd4 {[%clk 0:03:02]} 34. cxd4 {[%clk 0:00:11]} Qxe4+
{[%clk 0:03:01]} 35. Qd3 {[%clk 0:00:15]} Qxd3+ {[%clk 0:03:03]} 36. Kxd3
{[%clk 0:00:24]} Rxd4+ {[%clk 0:03:12]} 37. Kc3 {[%clk 0:00:34]} Rd3+
{[%clk 0:03:15]} 38. Kc2 {[%clk 0:00:41]} Rd2+ {[%clk 0:03:22]} 39. Kb3
{[%clk 0:00:50]} R7d3+ {[%clk 0:03:15]} 40. Kc4 {[%clk 0:00:57]} Rd4+
{[%clk 0:03:17]} 41. Kc3 {[%clk 0:01:06]} R2d3+ 42. Kc2 Ra3 {[%clk 0:03:13]} 43.
Kb2 {[%clk 0:01:12]} Rh3 {[%clk 0:03:16]} 44. a3 {[%clk 0:00:58]} Rd2+
{[%clk 0:03:23]} 45. Kc1 {[%clk 0:01:08]} Ra2 {[%clk 0:03:23]} 46. Kb1
{[%clk 0:00:45]} Rhxa3 {[%clk 0:03:23]} 47. R1f4 {[%clk 0:00:35]} Rg2
{[%clk 0:03:18]} 48. Rc4 {[%clk 0:00:27]} Rh3 {[%clk 0:03:13]} 49. Rc1
{[%clk 0:00:21]} Rhh2 {[%clk 0:02:44]} 0-1

[Event "Turniej Przyjazni Polsko-Wegierskiej"]
[Site "Katowice"]
[Date "2018.05.05"]
[Round "4.3"]
[White "Jarmula, Lukasz"]
[Black "Krasenkow, Michal"]
[Result "1/2-1/2"]
[BlackElo "2546"]
[WhiteElo "2222"]
[LiveChessVersion "1.4.8"]

1. d4 {[%clk 0:15:18]} g6 {[%clk 0:15:15]} 2. e4 {[%clk 0:15:18]} Bg7
{[%clk 0:15:25]} 3. Nc3 {[%clk 0:15:26]} c6 {[%clk 0:15:34]} 4. Nf3
{[%clk 0:15:14]} d6 {[%clk 0:15:43]} 5. a4 {[%clk 0:15:08]} a5 {[%clk 0:15:48]}
6. h3 {[%clk 0:15:06]} Nf6 {[%clk 0:15:52]} 7. Be3 {[%clk 0:15:06]} Na6
{[%clk 0:15:55]} 8. Be2 {[%clk 0:14:43]} Nb4 {[%clk 0:15:58]} 9. O-O
{[%clk 0:14:50]} O-O {[%clk 0:16:07]} 10. Qd2 {[%clk 0:14:18]} Qc7
{[%clk 0:16:15]} 11. Rad1 {[%clk 0:13:56]} b6 {[%clk 0:16:14]} 12. Rfe1
{[%clk 0:13:38]} Rd8 {[%clk 0:15:54]} 13. Bf4 {[%clk 0:13:19]} Bb7
{[%clk 0:15:53]} 14. Bc4 {[%clk 0:13:20]} e6 {[%clk 0:15:31]} 15. e5
{[%clk 0:12:53]} dxe5 {[%clk 0:15:25]} 16. Nxe5 {[%clk 0:12:44]} Qc8
{[%clk 0:14:41]} 17. Nxf7 {[%clk 0:11:18]} Kxf7 {[%clk 0:14:49]} 18. Bxe6+
{[%clk 0:11:20]} Qxe6 {[%clk 0:14:59]} 19. Rxe6 {[%clk 0:11:28]} Kxe6
{[%clk 0:15:08]} 20. Bc7 {[%clk 0:11:21]} Rd7 {[%clk 0:15:02]} 21. Bxb6
{[%clk 0:11:12]} Kf7 {[%clk 0:15:06]} 22. Re1 {[%clk 0:10:26]} Bf8
{[%clk 0:13:23]} 23. Qe2 {[%clk 0:07:17]} Kg7 {[%clk 0:12:22]} 24. Qe6
{[%clk 0:05:29]} Nxc2 {[%clk 0:12:09]} 25. Ne4 {[%clk 0:05:00]} Rf7
{[%clk 0:10:26]} 26. Ng5 {[%clk 0:04:45]} Rd7 {[%clk 0:10:32]} 27. Ne4
{[%clk 0:04:39]} Rf7 {[%clk 0:10:27]} 1/2-1/2